Former Flags of Existing Countries - Statistics

General Stats
  • This quiz has been taken 133 times
  • The average score is 13 of 20
Answer Stats
Picture Answer % Correct
Libya
93%
South Africa
92%
Brazil
89%
Portugal
88%
The US of America
88%
Greece
86%
Ethiopia
85%
Germany
81%
Sweden
77%
Haiti
75%
China
67%
Argentina
65%
Belarus
60%
Myanmar
58%
The Comoros
55%
Congo (DR)
50%
Benin
39%
Congo (R)
34%
The Seychelles
30%
Grenada
29%
No matching quizzes found
Score Distribution
Percent of People with Each Score
Percentile by Number Answered
Your Score History
You have not taken this quiz